000 00463nam a22001812 4500
001 0000003898
005 20170406115410.0
008 140721s xx 000 0 eng d
020 _c$
040 _aYour Holding Symbol
_cYour Holding Symbol
100 1 _aJuan,Don.
245 1 0 _aLord Byron.
250 _a ed.
260 _aLondon :
_bRoutledge,
_c1968.
300 _a169 p. ;
_c cm.
650 0 _aenglish literature.
908 _a140721
999 _c3748
_d3748